Nemecko-russkij slovar
Gespeichert in:
| Format: | Buch |
|---|---|
| Sprache: | Deutsch Russisch |
| Veröffentlicht: |
Moskva
OGIZ
1947
|
| Tags: |
Keine Tags, Fügen Sie das erste Tag hinzu!
|
MARC
| LEADER | 00000nam a2200000 4500 | ||
|---|---|---|---|
| 001 | 0310793 | ||
| 005 | 20250613115419.0 | ||
| 041 | 0 | |a ger | |
| 041 | 0 | |a rus | |
| 044 | |a RU | ||
| 245 | 1 | 0 | |a Nemecko-russkij slovar |c V. V. Rudaš |
| 264 | 1 | |a Moskva |b OGIZ |c 1947 | |